|
|
|
|
| LEADER |
00000cab a2200000 a 4500 |
| 001 |
029618 |
| 003 |
UAHC_CL |
| 005 |
20260430120328.0 |
| 008 |
010822s2006 cl 000 spa |
| 040 |
|
|
|a UAHC_CL
|c UAHC_CL
|d UAHC_CL
|
| 100 |
|
|
|a Pavez O., Jorge
|9 23407
|
| 245 |
1 |
0 |
|a Cartas y parlamentos :
|b apuntes sobre historia y política de los textos mapuches
|c Jorge Pavez O.
|
| 260 |
|
|
|a Santiago, Chile:
|b Universidad de Chile,
|c 2006.
|
| 300 |
|
|
|a p. 7-44
|
| 500 |
|
|
|a En: Cuadernos de historia, número 25, 2006. Desde la página 7 a la 44. ISSN 0716-1832.
|
| 520 |
|
|
|a En este artículo se propone abordar los parlamentos hispano-criollo-mapuches como acontecimientos textuales producidos en coautoría entre los agentes del Estado y las autoridades mapuches que concurren a la puesta en escena de una escritura común. De esta manera, se propone un nuevo marco de análisis para abordar el corpus escritural mapuche, enfatizando en la intertextualidad de los escritos políticos pasados y presentes, los vínculos de esta productividad textual con la historicidad del sujeto político y las formas heterológicas del intercambio entre dos tipos de organización política (estatal y peri-estatal). A partir de este análisis, se establecen algunas hipótesis para el trabajo con el corpus epistolar mapuche del siglo XIX.
|
| 650 |
|
0 |
|a Mapuches
|z Chile
|x Actividad política
|y Siglo 20
|9 18901
|
| 650 |
|
0 |
|a Mapuches
|z Chile
|x Historia
|9 2744
|
| 773 |
0 |
|
|t Cuadernos de historia.
|w 029418
|
| 900 |
|
|
|a CUAD. HIST.-25/06
|
| 942 |
|
|
|c BKA
|
| 952 |
|
|
|0 0
|1 0
|4 0
|6 CUAD___HIST_25_06_000000000000000
|7 0
|8 General
|9 58206
|a BC
|b BC
|c General
|d 2017-08-03
|l 0
|o CUAD. HIST.-25/06
|r 2019-01-08 00:00:00
|t 1
|w 2017-08-03
|y REVA
|
| 999 |
|
|
|c 29618
|d 29618
|